MyGO版《素颜》歌词 - Statistics

General Stats
  • This quiz has been taken 68 times
  • The average score is 22 of 82
Answer Stats
歌词 % Correct
又是一个安静的晚上
100%
一个人窝在豪宅里上网
67%
我承认这样既视感很强
61%
和离婚阔太太一样
55%
听说你还在找你的白祥
53%
不如别再东躲西藏
45%
跟我回排练房
45%
原来你住这种地方
43%
别乱摸
43%
把我家里弄脏
43%
复式高层
43%
望海临江
43%
让好戏开演
43%
找来找去好像也是白忙
41%
有钱的苦你没法想象
41%
不用再假装
41%
你我之间
41%
喝杯茶聊会天
39%
你的审美掉线
39%
如果再看你一眼
37%
我要被你气昏厥
37%
练习敷衍
37%
行为不检点
37%
别发矫情朋友圈
37%
你逛街
33%
我逛街
33%
见面就当看不见
33%
是你擅自变成太阳
33%
照亮我的全世界
33%
别总对我苦着脸
31%
明明看不惯一点
31%
怎么还是有感觉
31%
人前得体的表现
31%
等回家了再变脸
31%
又是一个安静的晚上
29%
和爱音发给我一样
29%
惹人嫌
27%
别太盐
27%
加点咸就变得更甜
27%
黄瓜田种不出你的白祥
27%
一颗心脏两面受伤
27%
聊天框信息全部是单向
24%
传声员怎么当也是白当
24%
再热也要变凉
24%
睡不着盯着saki的头像
24%
惊世智慧如此狼狈
20%
大人说话你不要多嘴
20%
你的卑微让我心碎
20%
长崎素世
20%
从不后悔
20%
同窗不过同学
20%
各有各邀约
20%
那就先剪切
20%
下季再见
20%
不会再让你拒绝
16%
给你我的存单
16%
我的嫁妆
16%
我的压岁钱
16%
不用兑水洗发液
16%
不用夜里乘地铁
16%
如果再见你一面
14%
邦多利乐队成员
14%
各有各角色扮演
14%
只有我定位越发靠近喜剧演员
14%
领证件
12%
婚后淡出艺能界
12%
要多团结
12%
就有多团结
12%
不花芭菲冤枉钱
12%
我怀念
12%
别怀念
12%
怀念也回不到从前
12%
当年Crychic
12%
订钻戒
10%
如果再看我一眼
10%
是否还会有感觉
10%
不戴难绷的假面
10%
谁不曾怀念过从前
10%
不掺任何的表演
8%
震撼邦圈一整年
8%
有残念的感觉
8%
为何感觉
8%
No matching quizzes found
Score Distribution
Percent of People with Each Score
Percentile by Number Answered
Your Score History
You have not taken this quiz